Martín fierro /

Guardado en:
Autor Principal: Hernández, José
Formato: Libro
Publicado: Buenos Aires : Colihue, 1997
Materias:
Etiquetas: Agregar Etiqueta
Sin Etiquetas, Sea el primero en etiquetar este registro!
LEADER 00608nam a22002175a 4500
001 CEM.cems015926
005 20110705165340.0
008 130507s1997##################000#0#####d
003 CEMS
020 |a 9505810042 
082 0 4 |a A861.2 
100 1 |a Hernández, José 
245 1 0 |a Martín fierro /  |c José Hernández 
260 |a Buenos Aires :  |b Colihue,  |c 1997 
300 |a 333 p. 
653 |a Literatura 
653 |a Literatura argentina 
653 |a Literatura gauchesca 
653 |a Poesía Épica 
653 |a Romanticismo 
859 |a CEMS  |b BIB. CEMS - Agricultura  |h A861.2  |i H430-4  |p A19685.98  |t Ej.1  |v 1  |3 Vol. 1